00622nam a22002057a 450000500170000001000130001702000210003003500130005103700160006404000120008008200180009210000170011024500800012726000470020727000470025430000240030150000510032565000250037665000150040120170124110014.0 aA-596688 c00.00a817100489 aA-596688 bCen Lib/Ret aDPLbEN a344.0325bSHA aSharma, S.S. aLegal aid to the poor :cby S.S. Sharma bthe law and indian legal system / bNew Delhi aDeep & Deep Publicationsc1993 aF-159, Rajouri Garden bNew Delhi e110027 axv, 273p.c19cm(Hb) aIncludes bibliographical references and index  aIndian legal system  aLegal aid